000 01221nmc a2200457 a 4500
003 AR-BaBNM
005 20251128204825.0
008 066019s1991 ||||||||||||||000 | spa||
020 _a950-507-313-5
040 _cAR-BaBNM
245 1 0 _aCuentos y cantos de amor
260 _aBuenos Aires
_bBonum
_c1991
300 0 _a71 p.
_bil.
490 0 _aLuna de papel. Verde
500 0 _aContiene índice de los textos
500 0 _aBiografía de los autores
600 1 4 _aBornemann, Elsa
600 1 4 _aCalifa, Oche
600 1 4 _aHikmet, Nazim
600 1 4 _aLewin, Miriam
600 1 4 _aMachado, Antonio
600 1 4 _aWapner, David
600 1 4 _aSalinas, Luis
600 1 4 _aWilde, Oscar
650 4 _aLITERATURA INFANTIL
650 4 _aLIBROS PARA NINOS
650 4 _aCUENTO INFANTIL
650 4 _aLEYENDAS
650 4 _aAMOR
650 4 _aLITERATURA FOLKLORICA
650 4 _aPOESIAS
650 4 _aCANCIONES FOLKLORICAS
653 0 _aCANCIONES INFANTILES
655 _aLITERATURA
700 1 _aSchujer, Silvia
_ecompilador
700 1 _aMariño, Ricardo
_ecompilador
700 1 _aRojas, Oscar
_eilustrador
800 1 _aCibils, María Teresa
_edirector
942 _cBK
998 _cisola
999 _c8962
_d8962